000 01242cam a2200313 i 4500
001 113398
005 20230410124039.0
008 131004b2010 mx a 000 0 spa
020 _a9786070207808 (UNAM)
020 _a9786074021639 (Plaza y Valdés)
041 0 _aspa
050 1 4 _aLC 1772
_bD441 2010
082 0 0 _a305.4
245 1 0 _aDesasosiegos :
_brelaciones de género en la educación /
_cAraceli Mingo, coordinadora.
260 _aMéxico, D.F. :
_bPlaza y Valdés :
_bUNAM, Instituto de Investigaciones sobre la Universidad y la Educación,
_c2010.
300 _a314 p. :
_bill. ;
_c23 cm.
440 0 _aEducación (Universidad Nacional Autónoma de México. Instituto de Investigaciones sobre la Universidad y la Educación)
504 _aIncluye referencias bibliográficas.
650 0 _aWomen
_xEducation
_zLatin America.
650 0 _aWomen
_xEducation
_zMexico.
650 0 _aSex differences in education
_zLatin America.
650 0 _aSex differences in education
_zMexico.
650 4 _aMujeres
_xEducación
_zAmérica Latina.
650 4 _aEducación de la mujer.
650 4 _aMujeres
_xAspectos sociales.
650 4 _aEducación de la mujer
_zMéxico.
700 1 _aMingo, Araceli,
_ecoord.
942 _2lcc
_cbk
999 _c70004
_d70004